| 000 | 00944cas a2200313 a 4500 | ||
|---|---|---|---|
| 001 | 11454451 | ||
| 003 | OSt | ||
| 005 | 20140311134811.0 | ||
| 007 | t| | ||
| 008 | 820309c197u9999nyuar 0 a0eng c | ||
| 010 | _a 95647147 | ||
| 035 | _a(OCoLC)ocm08229007 | ||
| 040 |
_aOT _cOT _dInTV _dNBuBE _dDLC _dNSDP _dDLC _dOCoLC |
||
| 042 |
_apcc _ansdp |
||
| 043 | _an-us--- | ||
| 050 | 0 | 0 |
_aTX 551 _b.K91 1973 |
| 082 | 0 | 0 |
_aM 613.283 _bK86 1973 |
| 245 | 0 | 4 |
_aThe Barbara Kraus 1974 carbohydrate guide to brand names & basic foods : _cKraus, Barbara |
| 260 |
_aNew York : _bThe New American Library Inc., |
||
| 300 |
_av. ; _c18 cm. |
||
| 310 | _aAnnual | ||
| 590 | _aSERBIB/SERLOC merged record | ||
| 650 | 0 |
_aFood _xCaloric content _vTables _vPeriodicals. |
|
| 650 | 0 |
_aBrand name products _zUnited States _vPeriodicals. |
|
| 906 |
_a7 _bcbc _cserials _du _encip _f19 _gn-oclcserc |
||
| 942 |
_2lcc _cBK _kM |
||
| 999 |
_c35825 _d35825 |
||